000 00773nam a2200253Ia 4500
003 OSt
005 20221005024908.0
006 a|||||r|||| 00| 0
007 ta
008 221004b |||||||| |||| 00| 0 ara d
020 _a9770263680 (pbk)
_c210
024 _a40651
037 _b0234, 12/03/2009, Nadwi Publications
_cTextual
040 _aCRL
_cCRL
_bara
041 _2ara
_aara
082 _aV46,1wUSM:g, 28P2
100 _aHaikal Mohammad Hussain Au.
245 0 _aUsman Bin Uffan
260 _aCairo
_bDarul muarifa Misr
_c2002
300 _a141p.
_ccm.
650 _aARAB - HISTORY
_929528
942 _hV46,1wUSM:g, 28P2
_cTEXL
_2cc
999 _c933613
_d933613